000 00322 a2200157 4500
001 190088
020 _a
040 _cMagnum
100 _aAraujo, Leosino Miranda
240 1 0 _aOs teres humanos
_lpor
245 1 0 _aOs teres humanos
300 _a88
362 0 _a2003
697 _aLITERATURA JUVENIL
942 _cBK
999 _c190088
_d190088